000 00572nam a2200205Ia 4500
001 13728
003 GE_BSU
008 181216s||||||||xx |||||||||||||| ||und||
040 _cGE_BSU
080 _a821.353.1-1
100 _aტაბიძე,გალაქტიონ
245 _aთხზულებანი. ტ.1
245 _cრედ.შ.რადიანი.
260 _aთბილისი
260 _bსახელგამი
260 _c1937
300 _a492გვ.16სმ.
653 _aთხზულებანი.
942 _cBK
999 _c46876
_d46876